| 000 | 01455nam a2200301 a 4500 | ||
|---|---|---|---|
| 003 | CO-CtgCURN | ||
| 005 | 20250329165447.0 | ||
| 008 | 160531s2009 000 0 eng d | ||
| 040 |
_aCO-CtgCURN _bspa _ccoctgcurn |
||
| 082 | 0 |
_aINS 2009 _bC124 |
|
| 100 | 1 | _aCadiz Guerrero, Rafael José. | |
| 245 | 1 | 0 |
_aDesarrollo de un portal web para facilitar consultas en lenguaje natural a una ontologia de negocios / _cRafael José Cadiz Guerrero, Ronald Antonio Martínez Arroyo ; director, María Claudia Bonfante. |
| 260 |
_aCartagena de Indias : _bCorporación Universitaria Rafael Nuñez, _c2009. |
||
| 300 |
_a160 h. + _e1 CD-Rom. |
||
| 336 | _2rdacontent | ||
| 337 |
_2rdamedia _asin mediacion _bn |
||
| 338 |
_2rdacarrier _avolumen _bnc |
||
| 500 | _ainclueye anexos. | ||
| 502 | _aTrabajo de grado (Ingeniero de Sistemas). Corporación Universitaria Rafael Nuñez. Programa de Ingenieria de Sistemas, 2009. | ||
| 504 | _aIncluye bibliografia. | ||
| 590 | _aIngenieria de Sistemas | ||
| 650 | 0 |
_aIngenieria de Sistemas _vTesis y disertaciones academicas. |
|
| 700 | 1 | _aMartínez Arroyo, Ronald Antonio. | |
| 700 | 1 |
_aBonfante, María Claudia, _edirector. |
|
| 856 | 7 |
_uhttps://unicurn.sharepoint.com/:b:/s/biblioteca/ERURGGGdfOhLlr2vOtDGmkgBJ8LhXiYP28agm1uxT83sPQ?e=ppxHoB _zClick aqui para ver el texto completo |
|
| 942 |
_hINS 2009 _iC124 _2ddc _cTG |
||
| 999 |
_c4742 _d4742 |
||